000 00726nam a22002537a 4500
001 46305
003 UA-OsUOA
005 20200122185421.0
007 ta
008 20120209b un ||||| |||| 00| 0 ukr d
040 _aUA-OsUOA
_bukr
_cUA-OsUOA
_dUA-OsUOA
041 _aukr
080 _a09.-82
090 _a09.-82
_bЕ90
100 _aЕфер В.
245 _aЗаколот атомів
_bфантастична повість
260 _aНа чужині
_c1947
300 _a104 с.
650 7 _a0 Загальний відділ.
_2UDC
942 _cBK
_2udc
955 _a3
999 _c426411
_d426411